Artificial ground water recharge through basins in the Texas High Plains /

Bibliographic Details
Main Author: Signor, Donald C., 1933-
Corporate Author: Texas Agricultural Experiment Station
Other Authors: Hauser, Victor Lavern
Format: Government Document Book
Language:English
Published: College Station, Tex. : Texas Agricultural Experiment Station, 1968.
Series:Miscellaneous publication (Texas Agricultural Experiment Station) ; 895.
MP ; 895.
Subjects:

MARC

Tag First Indicator Second Indicator Subfields
LEADER 00000cam a2200000 a 4500
001 in00001404950
005 20151020064057.0
008 840709s1968 txua b s000 0 eng d
035 |a (OCoLC)10930082 
035 |9 AHP4458AM 
040 |a TWT  |c TWT  |d TXA  |d UtOrBLW 
049 |a TXAO 
086 |a Z TA245.7 M681 NO.895  |2 txdocs 
100 1 |a Signor, Donald C.,  |d 1933- 
245 1 0 |a Artificial ground water recharge through basins in the Texas High Plains /  |c Donald C. Signor and Victor L. Hauser. 
264 1 |a College Station, Tex. :  |b Texas Agricultural Experiment Station,  |c 1968. 
300 |a 8 pages :  |b illustrations ;  |c 28 cm. 
336 |a text  |b txt  |2 rdacontent 
337 |a unmediated  |b n  |2 rdamedia 
338 |a volume  |b nc  |2 rdacarrier 
490 1 |a MP ;  |v 895 
500 |a "September 1968" 
650 0 |a Water table. 
700 1 |a Hauser, Victor Lavern. 
710 2 |a Texas Agricultural Experiment Station. 
830 0 |a Miscellaneous publication (Texas Agricultural Experiment Station) ;  |v 895. 
830 0 |a MP ;  |v 895. 
999 |a MARS 
999 f f |s 8f0af30a-dc96-3512-aeb3-90836acace6e  |i 227e31d5-a857-341d-9cf2-c7bbafc311f6  |t 0 
952 f f |p normal  |a Texas A&M University  |b College Station  |c Sterling C. Evans Library  |d Evans: Texas Documents (Annex 5th floor)  |t 0  |e Z TA245.7 M681 NO.856-895  |h Superintendent of Documents classification  |i unmediated -- volume  |k no.856-895  |l -1968:Sept  |m A14816097282 
952 f f |a Texas A&M University  |b College Station  |c Sterling C. Evans Library  |d Evans: Texas Documents (Annex 5th floor)  |t 0  |e Z TA245.7 M681 NO.856-895  |h Superintendent of Documents classification 
998 f f |a Z TA245.7 M681 NO.856-895  |s no.856-858,860-863,865-868,870-873,876-880,882-885,887-890,893-895  |t 0  |l Evans: Texas Documents (Annex 5th floor)